=LDR 00000nam 2200000 4500 =001 NUTBA000000000000381 =005 20140321161200.0 =006 =007 =008 =035 ##$$a 0010-031400000000380 =040 ##$$b Ind =090 ##$$a 813 $bNaz $ce =100 ##$$a Nazario sonia =245 ##$$a Enriue's journei =260 ##$$a Yogyakarta $bBentang $c 2008 =300 ##$$a 391 $c20 cm. =650 ##$$a Fiksi indonesia =850 ##$$a NBPNMAT =990 ##$$a 21010570 =990 ##$$a 91061/BPAP-NTB/2014